| 000 | 00517nam a2200121Ia 4500 | ||
|---|---|---|---|
| 008 | 220620s9999||||xx |||||||||||||| ||und|| | ||
| 100 | _aBaker, Nigel||Brett, Jonathan||Jones, Robert | ||
| 245 | 0 |
_aBristol _bAn Archaeological Assessment : A Worshipful Town and Famous City |
|
| 546 | _aEnglish[eng] | ||
| 650 | _aSocial Science||Archaeology||Business & Economics||Economic History||History||Europe||Great Britain | ||
| 856 | _uhttps://library.oapen.org/bitstream/20.500.12657/54099/1/external_content.pdf | ||
| 942 | _cEB | ||
| 999 |
_c30869 _d30869 |
||